| 000 | 00623nam a22002297a 4500 | ||
|---|---|---|---|
| 003 | UA-OsUOA | ||
| 001 | 51505 | ||
| 007 | ta | ||
| 008 | 20140910b un ||||| |||| 00| 0 ukr d | ||
| 100 | _aOmelchenko W. | ||
| 700 | _aKomilewska D. | ||
| 090 | _a017 | ||
| 942 | _cBR | ||
| 040 |
_aUA-OsUOA _beng _cUA-OsUOA _dUA-OsUOA |
||
| 245 | _aList of Periodicals in the Library of the Ukrainian Academy of Arts and Sciences in the U.S. | ||
| 300 | _aP. 432-494 с. | ||
| 955 | _a1 | ||
| 041 | _aeng | ||
| 080 | _a017 | ||
| 650 | 7 |
_a01 Бібліографія і бібліографії. Каталоги _2UDC |
|
| 999 |
_c431632 _d431632 |
||